Who rules America now?: a view for the '80s /

Wedi'i Gadw mewn:
Manylion Llyfryddiaeth
Prif Awdur: Domhoff, G. William
Fformat: Anhysbys
Iaith:English
Cyhoeddwyd: New York : Simon & Schuster,
Rhifyn:1st Touchstone Edition
Tagiau: Ychwanegu Tag
Dim Tagiau, Byddwch y cyntaf i dagio'r cofnod hwn!

MARC

LEADER 00000 a2200000 04500
001 40231
003
008 050605s19831986nyu eng d
040
020 |a 0-671-62235-8  
090 |a 0005 D668w  
100 |a Domhoff, G. William  
245 |a Who rules America now?:   |b a view for the '80s /   |c G. William Domhoff  
250 |a 1st Touchstone Edition  
260 |a New York :   |b Simon & Schuster,  
300 |a 230 páginas  
999 |c 12337  |d 12337